Langues officielles parlées sur plusieurs continents - Statistiques

Statistiques générales
  • Ce quiz a été pris 109 fois
  • Le résultat moyen est 8 sur 10
Statistiques - réponses
Contients concernés Langue % Correct
Europe, Amérique, Afrique, Océanie, Asie Anglais
100%
Europe, Amérique, Afrique Espagnol
99%
Europe, Amérique, Afrique, Océanie Français
99%
Europe, Amérique, Afrique Portugais
92%
Afrique, Asie Arabe
90%
Europe, Asie Russe
75%
Europe, Afrique Allemand
72%
Europe, Amérique Néerlandais
70%
Europe, Asie Turc
61%
Asie, Océanie Chinois
57%
Aucun quiz correspondant
Distribution des résultats
% des personnes avec chaque résultat
Percentile par nombre de réponses
Votre historique - résultats
Vous n’avez pas pris ce quiz